| 000 | 00405nam a2200145Ia 4500 | ||
|---|---|---|---|
| 008 | 151213s9999 xx 000 0 und d | ||
| 100 | _aMd.Anser Ali Khan | ||
| 245 |
_aLaw and Trade Marks Copyright Patents & Designs _cMd.Anser Ali Khan |
||
| 260 |
_aDhaka _bNew Warsi Book Corpration _c2002 |
||
| 300 | _a3258 p. | ||
| 650 | _aLaw | ||
| 650 | _aLaw | ||
| 700 | _aMd.Anser Ali Khan | ||
| 999 |
_c2236 _d2236 |
||